| 000 | 00473nam a2200169Ia 4500 | ||
|---|---|---|---|
| 001 | 30559 | ||
| 003 | IN-NITTTR | ||
| 005 | 20251114233412.0 | ||
| 008 | 251113s9999||||xx |||||||||||||| ||eng|| | ||
| 040 | _beng | ||
| 040 | _cIN-NITTTR | ||
| 041 | _aeng | ||
| 082 | _a624.1834 P27D | ||
| 100 | _aPathak, Sudhir Somnath | ||
| 245 | 0 |
_aDevelopment of high strength self compacting concrete using blend of flyash and rice husk ash / _cPathak, Sudhir Somnath |
|
| 942 |
_2ddc _cBK |
||
| 999 |
_c33189 _d33189 |
||